[Event "Lueneburg GM 2013"]
[Site "Lueneburg GER"]
[Date "2013.07.21"]
[Round "7.4"]
[White "Bitan,B"]
[Black "Gutman,L"]
[Result "1/2-1/2"]
[WhiteElo "2295"]
[BlackElo "2455"]

1.d4 Nf6 2.c4 g6 3.Nc3 d5 4.cxd5 Nxd5 5.e4 Nxc3 6.bxc3 Bg7 7.Nf3 O-O 8.Be3 c5
9.Be2 Qa5 10.Nd2 Nd7 11.Rc1 cxd4 12.cxd4 Nb6 13.O-O Be6 14.d5 Bd7 15.Rc7 Rfd8
16.Rxb7 Rab8 17.Rxb8 Rxb8 18.Qb1 Rc8 19.Nb3 Qa3 20.Rc1 Rxc1+ 21.Bxc1 Qb4
22.Bd2 Bc3 23.Be3 f5 24.Bd3 fxe4 25.Bc5 Qa4 26.Bxe4 Kf7 27.Qc2 Bf6 28.d6 Bc6
29.Bxc6 Qxc6 30.dxe7 Bxe7 31.Qc1 Bxc5 32.Nxc5 Qd5 33.Nb3 Nc4 34.h3 a5 35.Qf4+ Ke6
36.Qc7 Qd1+ 37.Kh2 Qd6+ 38.Qxd6+ Kxd6 39.a4 Nb6 40.Nxa5 Nxa4 41.Kg3 Nc5 42.Nc4+ Ke6
43.Kf3 Kf6 44.Ke3 Ne6 45.Nd2 h6 46.Nb3 Ke5 47.g3 Kf6 48.Nd4 Ng5 49.h4 Nf7
50.f3 h5 51.Ne2 Nd8 52.Ke4 Ne6 53.Nf4 Nc5+ 54.Kd4 Nb3+ 55.Ke3 Nc5 56.Nd3 Ne6
57.Nf2 Nc7 58.Ke4 Ne6 59.Kd5 Nc7+ 60.Ke4 Ne6 61.Kd5  1/2-1/2

[Event "Czech Open B 2013"]
[Site "Pardubice CZE"]
[Date "2013.07.21"]
[Round "3.11"]
[White "Ovchinnikov,Vsevolod"]
[Black "Franke,L"]
[Result "1-0"]
[WhiteElo "2027"]
[BlackElo "2153"]

1.d4 Nf6 2.c4 g6 3.Nc3 d5 4.cxd5 Nxd5 5.e4 Nxc3 6.bxc3 Bg7 7.Bc4 c5 8.Ne2 Nc6
9.Be3 O-O 10.Rc1 Bd7 11.h4 cxd4 12.cxd4 h5 13.f3 Rc8 14.Kf2 Na5 15.Bd3 Rxc1
16.Qxc1 Nc6 17.Qb1 b6 18.e5 Be6 19.Be4 Bd5 20.Nf4 Bxe4 21.Qxe4 Na5 22.g4 hxg4
23.h5 Qa8 24.d5 Qb8 25.d6 exd6 26.e6 Qb7 27.hxg6 f5 28.Qxb7 Nxb7 29.Rh7 Nc5
30.e7 Re8 31.Nd5 Ne6 32.Bh6 Bd4+ 33.Kg2 Ng7 34.Bg5  1-0

[Event "Biel MTO 2013"]
[Site "Biel SUI"]
[Date "2013.07.22"]
[Round "1.16"]
[White "Rindlisbacher,J"]
[Black "Salem,AR"]
[Result "0-1"]
[WhiteElo "2219"]
[BlackElo "2531"]

1.d4 Nf6 2.c4 g6 3.Nc3 d5 4.cxd5 Nxd5 5.e4 Nxc3 6.bxc3 Bg7 7.Nf3 c5 8.Be3 O-O
9.Rc1 Qa5 10.Qd2 Bg4 11.d5 Na6 12.Bxa6 Qxa6 13.c4 e6 14.O-O exd5 15.Bxc5 Rfe8
16.exd5 Re4 17.Qd3 Bf5 18.Qa3 Qxa3 19.Bxa3 Rc8 20.Rfe1 Bh6 21.Rcd1 Rexc4
22.d6 Bf8 23.d7 Bxd7 24.Ne5 Bxa3 25.Nxc4 Bb4 26.Nd2 Ba4  0-1

[Event "DSK GM Open 2013"]
[Site "Cape Town RSA"]
[Date "2013.07.22"]
[Round "3.5"]
[White "De Villiers,C"]
[Black "Gluckman,D"]
[Result "1/2-1/2"]
[WhiteElo "2255"]
[BlackElo "2250"]

1.d4 Nf6 2.c4 g6 3.Nc3 d5 4.cxd5 Nxd5 5.e4 Nxc3 6.bxc3 Bg7 7.Bg5 c5 8.Rc1 h6
9.Be3 cxd4 10.cxd4 Qa5+ 11.Qd2 Qxd2+ 12.Kxd2 O-O 13.Bb5 Rd8 14.Ne2 e6 15.Rc7 Nd7
16.Rb1 Nf6 17.f3 a6 18.Bd3 Ne8 19.Rc2 Bd7 20.g4 Nd6 21.e5 Nb5 22.Be4 Na3
23.Rc7 Bf8 24.Ke1 Rab8 25.Rcxb7 Rxb7 26.Bxb7 Nc4 27.Bg1 Na5  1/2-1/2

[Event "Glorney Cup 2013"]
[Site "Cardiff ENG"]
[Date "2013.07.22"]
[Round "2.7"]
[White "Kostanjsek,Luke"]
[Black "Deary,Daniel"]
[Result "1-0"]
[WhiteElo "1929"]
[BlackElo "1630"]

1.d4 Nf6 2.c4 g6 3.Nc3 d5 4.cxd5 Nxd5 5.e4 Nxc3 6.bxc3 Bg7 7.Nf3 c5 8.Rb1 O-O
9.Be2 Nc6 10.d5 Ne5 11.Nxe5 Bxe5 12.Qd2 e6 13.f4 Bg7 14.c4 exd5 15.cxd5 a6
16.O-O Bd4+ 17.Kh1 f5 18.e5 Qxd5 19.Bf3 Qd8 20.Bb2 Rb8 21.Bxd4 Qxd4 22.Qc1 c4
23.Rd1 Qc5 24.Bd5+ Kg7 25.Qc3 b5 26.e6+ Rf6 27.Qe5 Qb6 28.Bxc4 Rb7 29.e7 Qc6
30.e8=Q  1-0

[Event "15th TCh-Eur Senior"]
[Site "Dresden GER"]
[Date "2013.07.22"]
[Round "3"]
[White "Pruefer,F"]
[Black "Staudte,R"]
[Result "1-0"]
[WhiteElo "2155"]
[BlackElo "1919"]

1.d4 Nf6 2.c4 g6 3.Nc3 d5 4.cxd5 Nxd5 5.e4 Nxc3 6.bxc3 Bg7 7.Nf3 O-O 8.Rb1 c5
9.Be2 cxd4 10.cxd4 Qa5+ 11.Qd2 Qxd2+ 12.Bxd2 Nc6 13.d5 Ne5 14.Nxe5 Bxe5 15.f4 Bd4
16.Bb4 f5 17.e5 Rf7 18.Bc4 b6 19.Ke2 a5 20.Ba3 Ba6 21.Bxa6 Rxa6 22.Kd3 Bc5
23.Bxc5 bxc5 24.Rhc1 e6 25.d6  1-0

[Event "15th TCh-Eur Senior"]
[Site "Dresden GER"]
[Date "2013.07.22"]
[Round "3"]
[White "Dydyshko,V"]
[Black "Hammar,B"]
[Result "1-0"]
[WhiteElo "2512"]
[BlackElo "2279"]

1.d4 Nf6 2.c4 g6 3.Nc3 d5 4.cxd5 Nxd5 5.e4 Nxc3 6.bxc3 Bg7 7.Be3 O-O 8.Nf3 c5
9.Be2 b6 10.Rc1 Qc7 11.O-O e6 12.Qd2 Bb7 13.d5 exd5 14.exd5 Nd7 15.Bf4 Qd8
16.Rfd1 Re8 17.d6 h6 18.Bc4 Qf6 19.Re1 g5 20.Bg3 Qf5 21.Re7 Rxe7 22.dxe7 Re8
23.Re1 Bf6 24.Bd3 Qg4 25.h3 Qa4 26.Bc2 Qc6 27.Qd3 Rxe7 28.Rxe7  1-0

[Event "Open Desko Liberec 2013"]
[Site "Liberec CZE"]
[Date "2013.07.23"]
[Round "5.5"]
[White "Ivanovic,An"]
[Black "Tuma,Ja"]
[Result "0-1"]
[WhiteElo "2144"]
[BlackElo "2290"]

1.d4 Nf6 2.c4 g6 3.Nc3 d5 4.cxd5 Nxd5 5.e4 Nxc3 6.bxc3 Bg7 7.Nf3 c5 8.Be3 Qa5
9.Qd2 Nc6 10.Rb1 a6 11.Rc1 cxd4 12.cxd4 Qxd2+ 13.Kxd2 f5 14.e5 Be6 15.Bc4 Bxc4
16.Rxc4 h6 17.h4 Rd8 18.Ke2 O-O 19.g3 e6 20.Rb1 Rf7 21.Rb6 Rd5 22.Nd2 Ra5
23.a4 Bf8 24.f4 Rd7 25.Kd3 Kf7 26.Nb3 Rad5 27.Kc3 Be7 28.Nc1 Bd8 29.Rb2 Ba5+
30.Kc2 Rc7 31.Nd3 Nxd4+  0-1

[Event "ch-AUT 2013"]
[Site "Feldkirch AUT"]
[Date "2013.07.24"]
[Round "5.1"]
[White "Shengelia,D"]
[Black "Schreiner,Pe"]
[Result "1/2-1/2"]
[WhiteElo "2559"]
[BlackElo "2447"]

1.d4 Nf6 2.c4 g6 3.Nc3 d5 4.cxd5 Nxd5 5.e4 Nxc3 6.bxc3 Bg7 7.Qa4+ Nd7 8.Nf3 c5
9.Be2 O-O 10.O-O b6 11.Rd1 Qc7 12.Bg5 Nf6 13.d5 Bb7 14.h3 h6 15.Bh4 Nh5 16.e5 g5
17.d6 exd6 18.Nxg5 hxg5 19.Bxg5 Bxe5 20.Bxh5 Qc6 21.Qxc6 Bxc6 22.Rac1 f6
23.Be3 d5 24.Bf3 Rad8 25.c4 d4 26.Bxc6 dxe3 27.Bd5+ Kg7 28.fxe3 f5 29.a4 Kh6
30.Bf3 Bg3 31.Kf1 Rxd1+ 32.Rxd1 Rf6 33.Ke2 Rd6 34.Rxd6+ Bxd6 35.Bc6 Kg5 36.Kf3 Bc7
37.g3 Be5 38.h4+ Kf6 39.e4 fxe4+ 40.Bxe4 Bc3 41.g4 Be1 42.g5+ Ke5 43.h5 Bd2
44.g6 Kf6 45.Bc2 Kg7 46.Ke4 Kh6 47.Kd5 Bc3 48.Bf5 Kxh5 49.a5 bxa5 50.Kxc5 a4
51.Bb1 a3 52.Kd5 a2 53.Bxa2 Kxg6 54.c5 Kf6 55.Ke4  1/2-1/2

[Event "15th TCh-Eur Senior"]
[Site "Dresden GER"]
[Date "2013.07.25"]
[Round "6"]
[White "Saunina,L"]
[Black "Kristiansen,E"]
[Result "1-0"]
[WhiteElo "2208"]
[BlackElo "2219"]

1.d4 Nf6 2.c4 g6 3.Nc3 d5 4.cxd5 Nxd5 5.e4 Nxc3 6.bxc3 Bg7 7.Bg5 c5 8.Rc1 h6
9.Be3 Qa5 10.Qd2 Nd7 11.Nf3 Nf6 12.Bd3 c4 13.Bb1 Ng4 14.Bf4 e5 15.dxe5 Be6
16.O-O Rd8 17.Nd4 Nxe5 18.Rfd1 g5 19.Bxg5 hxg5 20.Qxg5 O-O 21.f4 f6 22.Qg3 Qb6
23.Kh1 Nd3 24.Bxd3 cxd3 25.Rxd3 f5 26.Rcd1 Rxd4 27.Rxd4 fxe4 28.Rd6  1-0

[Event "ch-AUT 2013"]
[Site "Feldkirch AUT"]
[Date "2013.07.25"]
[Round "6.15"]
[White "Hofmann,T"]
[Black "Mesaros,Florian"]
[Result "1/2-1/2"]
[WhiteElo "2125"]
[BlackElo "2166"]

1.d4 Nf6 2.c4 g6 3.Nc3 d5 4.cxd5 Nxd5 5.e4 Nxc3 6.bxc3 Bg7 7.Nf3 c5 8.Rb1 O-O
9.Be2 cxd4 10.cxd4 Qa5+ 11.Bd2 Qxa2 12.O-O Bg4 13.Rxb7 Bxf3 14.Bxf3 Bxd4
15.e5 Na6 16.Bg5 Rad8 17.Qb1 Qxb1 18.Rfxb1 Nc5 19.Rxe7 Ne6 20.Be3 Bxe5 21.Rxa7 Bd4
22.Bxd4 Nxd4 23.Ra3 Nxf3+ 24.Rxf3 Rb8 25.Rc1 Rbc8 26.Rb1 Rb8 27.Rc1 Rbc8
28.Rb1 Rb8  1/2-1/2

[Event "ch-AUT 2013"]
[Site "Feldkirch AUT"]
[Date "2013.07.25"]
[Round "6.9"]
[White "Kummer,Hel"]
[Black "Huber,Mart AUT"]
[Result "1/2-1/2"]
[WhiteElo "2357"]
[BlackElo "2230"]

1.d4 Nf6 2.c4 g6 3.Nc3 d5 4.cxd5 Nxd5 5.e4 Nxc3 6.bxc3 Bg7 7.Bc4 c5 8.Ne2 Nc6
9.Be3 O-O 10.O-O b6 11.Qd2 Bb7 12.Rac1 Rc8 13.Rfd1 cxd4 14.cxd4 e6 15.Bg5 Qd7
16.Bb5 a6 17.Ba4 b5 18.Bb3 Ne7 19.f3 Rxc1 20.Rxc1 Rc8 21.Rxc8+ Nxc8 22.Be3 Ne7
23.Kf1 Qd6 24.Nf4 e5 25.dxe5 Bxe5 26.g3 Qxd2 27.Bxd2 Bd4 28.Ke2 Kf8 29.Kd3 Nc6
30.Bb4+ Ke8 31.Nd5 Bg7  1/2-1/2

[Event "28th Avoine Open"]
[Site "Avoine FRA"]
[Date "2013.07.26"]
[Round "7.19"]
[White "Dieu,B"]
[Black "Dutreuil,R"]
[Result "1/2-1/2"]
[WhiteElo "2253"]
[BlackElo "2071"]

1.d4 Nf6 2.c4 g6 3.Nc3 d5 4.cxd5 Nxd5 5.e4 Nxc3 6.bxc3 Bg7 7.Bc4 c5 8.Ne2 Nc6
9.Be3 O-O 10.O-O Qc7 11.Rc1 b6 12.Qd2 Bb7 13.Bf4 e5 14.Bg3 Na5 15.Bd3 c4
16.Bc2 Rad8 17.Qe3 Qe7 18.dxe5 Bxe5 19.Bxe5 Qxe5 20.f4 Qe7 21.f5 Rfe8 22.f6 Qc5
23.Nd4 Re5 24.Rf5 Rde8 25.Qh6 Qf8 26.Rxe5 Rxe5 27.Qf4 Re8 28.Re1 Nc6 29.Nf3 Nd8
30.Qb8 Qc5+ 31.Kf1 Qc6 32.Qf4 Ne6 33.Qh6 Qc5 34.Rd1 Qf8 35.Qh4 Rd8 36.Re1 Qc5
37.Qh6  1/2-1/2

[Event "28th Avoine Open"]
[Site "Avoine FRA"]
[Date "2013.07.26"]
[Round "7.40"]
[White "Mattheys,E"]
[Black "Schroer,M"]
[Result "0-1"]
[WhiteElo "1854"]
[BlackElo "2142"]

1.d4 Nf6 2.c4 g6 3.Nc3 d5 4.cxd5 Nxd5 5.e4 Nxc3 6.bxc3 Bg7 7.Bb5+ c6 8.Bc4 O-O
9.Ne2 c5 10.Be3 Qc7 11.Rc1 b6 12.Bd5 Bb7 13.Bxb7 Qxb7 14.f3 Rd8 15.Qb3 Qc7
16.d5 c4 17.Qb4 Bf8 18.Qa4 Nd7 19.O-O a6 20.Qc6 Rdc8 21.Qxc7 Rxc7 22.Nd4 Nc5
23.Nc6 Na4 24.Rb1 b5 25.Rbc1 e6 26.Rfd1 exd5 27.exd5 Nb2 28.Rd2 Nd3 29.Rcc2 Rd7
30.Nb4 Bxb4 31.cxb4 Re8 32.Bf2 Nxb4 33.Re2 Rxe2 34.Rxe2 Rxd5  0-1

[Event "28th Avoine Open"]
[Site "Avoine FRA"]
[Date "2013.07.26"]
[Round "7.5"]
[White "Ollier,P"]
[Black "Miron,L"]
[Result "1/2-1/2"]
[WhiteElo "2309"]
[BlackElo "2544"]

1.d4 Nf6 2.c4 g6 3.Nc3 d5 4.cxd5 Nxd5 5.e4 Nxc3 6.bxc3 Bg7 7.Qa4+ Nd7 8.h4 c5
9.Nf3 O-O 10.h5 cxd4 11.hxg6 hxg6 12.cxd4 Nc5 13.Qc2 Ne6 14.Be3 Nxd4 15.Bxd4 Bxd4
16.O-O-O e5 17.Nxd4 exd4 18.Qd2 Bg4 19.Bc4 Bxd1 20.Qh6 Bh5 21.Rxh5 gxh5 22.Qg6+ Kh8
23.Qh6+ Kg8 24.Qg6+ Kh8  1/2-1/2

[Event "Dutch Open 2013"]
[Site "Dieren NED"]
[Date "2013.07.26"]
[Round "4.3"]
[White "Goudriaan,E"]
[Black "Greenfeld,A"]
[Result "1/2-1/2"]
[WhiteElo "2369"]
[BlackElo "2561"]

1.d4 Nf6 2.c4 g6 3.Nc3 d5 4.cxd5 Nxd5 5.e4 Nxc3 6.bxc3 Bg7 7.Qa4+ Nd7 8.Nf3 O-O
9.Be2 c5 10.O-O Qc7 11.e5 a6 12.Qb3 b5 13.a4 Rb8 14.axb5 axb5 15.e6 c4 16.Qa3 Nb6
17.exf7+ Rxf7 18.Ng5 Ra8 19.Qb2 Rxa1 20.Qxa1 Rf8 21.Qa5 Qc6 22.Bf3 Nd5 23.Re1 h6  1/2-1/2

[Event "15th TCh-Eur Senior"]
[Site "Dresden GER"]
[Date "2013.07.26"]
[Round "7"]
[White "Dydyshko,V"]
[Black "Gofshtein,L"]
[Result "1/2-1/2"]
[WhiteElo "2512"]
[BlackElo "2460"]

1.d4 Nf6 2.c4 g6 3.Nc3 d5 4.cxd5 Nxd5 5.e4 Nxc3 6.bxc3 Bg7 7.Be3 c5 8.Nf3 Qa5
9.Qd2 O-O 10.Rb1 b6 11.Rc1  1/2-1/2

[Event "15th TCh-Eur Senior"]
[Site "Dresden GER"]
[Date "2013.07.26"]
[Round "7"]
[White "Van Dongen,R"]
[Black "Hollstein,J"]
[Result "1/2-1/2"]
[WhiteElo "1986"]
[BlackElo "2067"]

1.d4 Nf6 2.c4 g6 3.Nc3 d5 4.cxd5 Nxd5 5.e4 Nxc3 6.bxc3 Bg7 7.Be3 c5 8.Rc1 O-O
9.Nf3 Qa5 10.Qd2 Rd8 11.Be2 cxd4 12.cxd4 Qxd2+ 13.Nxd2 b6 14.O-O Ba6 15.Bxa6 Nxa6
16.Nf3 Rac8 17.Rfd1 Kf8 18.Kf1 Ke8 19.Ke2 Nb4 20.Rxc8 Rxc8 21.Rd2 Rc3 22.Rb2 Rc2+
23.Rxc2 Nxc2 24.Kd2 Nxe3 25.Kxe3 h6 26.a4 Kd7 27.Kd3 Kc6 28.Kc4 e6 29.Nd2 a6
30.d5+ exd5+ 31.exd5+ Kd6 32.Ne4+ Ke5 33.f3 Bf8 34.Nc3 f5 35.g3 g5 36.h3 h5
37.Ne2 b5+ 38.axb5 axb5+ 39.Kxb5 Kxd5 40.h4 Be7 41.hxg5 Bxg5 42.Kb4  1/2-1/2

[Event "Yinzhou Cup CHN-USA Rapid"]
[Site "Ningbo CHN"]
[Date "2013.07.26"]
[Round "6.3"]
[White "Zenyuk,I"]
[Black "Ding Yixin"]
[Result "1/2-1/2"]
[WhiteElo "2250"]
[BlackElo "2432"]

1.d4 Nf6 2.c4 g6 3.Nc3 d5 4.cxd5 Nxd5 5.e4 Nxc3 6.bxc3 Bg7 7.Be3 c5 8.Qd2 Qa5
9.Rb1 cxd4 10.cxd4 Qxd2+ 11.Kxd2 O-O 12.Nf3 e6 13.Bd3 Nc6 14.h4 Rd8 15.e5 h6
16.Rhc1 Ne7 17.Ke2 b6 18.g4 Nd5 19.Nd2 Bb7 20.Ne4 Bf8 21.Nf6+ Kg7 22.g5 h5
23.Be4 Rac8 24.Nxd5 Bxd5 25.Bxd5 Rxc1 26.Rxc1 Rxd5 27.a4 b5 28.axb5 Rxb5
29.Rc7 a5 30.Ra7 Bb4 31.Kd3 Rd5 32.Kc4 Kf8 33.Kd3 Ke8 34.Ra8+ Ke7 35.Ra7+ Ke8
36.Ra8+ Ke7  1/2-1/2

[Event "6th Paleochora Open"]
[Site "Paleochora GRE"]
[Date "2013.07.26"]
[Round "9.9"]
[White "Stathopoulos,I"]
[Black "Ashwin,J"]
[Result "1/2-1/2"]
[WhiteElo "2247"]
[BlackElo "2470"]

1.d4 Nf6 2.c4 g6 3.Nc3 d5 4.cxd5 Nxd5 5.e4 Nxc3 6.bxc3 Bg7 7.Be3 c5 8.Nf3 Qa5
9.Qd2 O-O 10.Rc1 Rd8 11.d5 e6 12.Bg5 Rd6 13.h4 exd5 14.h5 gxh5 15.Be2 Nc6
16.Qf4 Rg6 17.exd5 Nd4 18.Nxd4 cxd4 19.Bxh5 Qxd5 20.Bxg6 hxg6 21.Qh4 Be6
22.Bf6 Bh3 23.Bxg7 Re8+ 24.Kd1 Kxg7 25.Qxd4+ Qxd4+ 26.cxd4 Bxg2 27.Re1 Rd8
28.Rc4 b5 29.Rb4 Bc6 30.Ke2 a5 31.Rb3 Rxd4 32.Rc1 Bd7 33.Ra3 a4 34.Rd3 Bg4+
35.Kd2 Rf4 36.Ke1 Be6 37.a3 b4 38.axb4 Rxb4 39.Ra1 Bb3 40.Kd2 g5 41.Rg1 f6
42.Ke3 Kg6 43.Rd4 Rxd4 44.Kxd4 Kf5 45.Rg3 Kf4 46.Re3 f5 47.Kc3 Kg4 48.Kb4 f4
49.Rc3 f3 50.Rc5 Kh4 51.Rc7 g4 52.Rh7+ Kg5 53.Rg7+ Kh4 54.Rh7+ Kg5 55.Rg7+ Kh5
56.Ka3 Bc2 57.Rg8 Kh4 58.Rh8+ Kg5 59.Rg8+ Bg6 60.Kxa4 g3 61.Rf8 g2 62.Rxf3  1/2-1/2

[Event "Breisacher Memorial"]
[Site "Biel SUI"]
[Date "2013.07.27"]
[Round "6.2"]
[White "Bacrot,E"]
[Black "Nepomniachtchi,I"]
[Result "1/2-1/2"]
[WhiteElo "2714"]
[BlackElo "2717"]

1.d4 Nf6 2.c4 g6 3.Nc3 d5 4.cxd5 Nxd5 5.e4 Nxc3 6.bxc3 Bg7 7.Nf3 c5 8.Rb1 O-O
9.Be2 cxd4 10.cxd4 Qa5+ 11.Bd2 Qxa2 12.O-O Bg4 13.Rxb7 Bxf3 14.Bxf3 Bxd4
15.Bb4 Rd8 16.Qc1 Na6 17.Bxe7 Rac8 18.Qf4 Nc5 19.Bxc5 Rxc5 20.Bd1 Be5 21.Qh4 Rf8
22.Bb3 Qa5 23.Qe7 Rc7 24.Rxc7 Qxc7 25.Qxc7 Bxc7 26.Rc1 Bb6 27.Kf1 Rd8 28.Rd1 Rxd1+
29.Bxd1 Kf8 30.Ke2 Kg8 31.f4 f6 32.Bb3+ Kf8 33.h3 Ke7 34.Kd3 Bc7 35.Ke3 Bb6+
36.Kd3 Bc7 37.Ke3 Bb6+ 38.Kd3  1/2-1/2

[Event "15th TCh-Eur Senior"]
[Site "Dresden GER"]
[Date "2013.07.27"]
[Round "8"]
[White "Grassmann,H"]
[Black "Weller,K"]
[Result "1/2-1/2"]
[WhiteElo "1941"]
[BlackElo "1967"]

1.d4 Nf6 2.c4 g6 3.Nc3 d5 4.cxd5 Nxd5 5.e4 Nxc3 6.bxc3 Bg7 7.Bc4 c5 8.Ne2 Nc6
9.Be3 O-O 10.O-O Qc7 11.Qc1 Rd8 12.Rd1 Na5 13.Bd3 b6 14.Qa3 e6 15.dxc5 Rxd3
16.Rxd3 Ba6 17.cxb6 axb6 18.Rad1 Bxd3 19.Rxd3 Qc4 20.Nc1 Bf8 21.Qb2 Nc6 22.f3 Ba3
23.Qb3 b5 24.Rd1 Bxc1 25.Rxc1 Rxa2 26.Qxc4 bxc4 27.Bh6 f6 28.h4 Ne5 29.Rb1 Rc2
30.Rb6 Kf7 31.Rb7+ Ke8 32.Bg7 Nd7 33.Rc7 Rxc3 34.Bh6 Rc2 35.Be3 e5 36.Rc6 Ke7
37.g4 Re2 38.Bf2 Rc2 39.Be3  1/2-1/2

[Event "Yinzhou Cup CHN-USA Rapid"]
[Site "Ningbo CHN"]
[Date "2013.07.27"]
[Round "9.3"]
[White "Zenyuk,I"]
[Black "Wang Jue"]
[Result "0-1"]
[WhiteElo "2250"]
[BlackElo "2399"]

1.d4 Nf6 2.c4 g6 3.Nc3 d5 4.cxd5 Nxd5 5.e4 Nxc3 6.bxc3 Bg7 7.Be3 c5 8.Qd2 Qa5
9.Rb1 b6 10.Bb5+ Bd7 11.Be2 Bc6 12.Bd3 Nd7 13.Ne2 Rd8 14.Rd1 Ba4 15.Rc1 Ne5
16.dxe5 c4 17.Nd4 cxd3 18.f4 Qa6 19.O-O O-O 20.c4 Qb7 21.Qxd3 Bc6 22.Rfd1 Bxe4
23.Qe2 g5 24.Qg4 gxf4 25.Bxf4 Kh8 26.Nf5 Rxd1+ 27.Rxd1 Bxf5 28.Qxf5 e6 29.Qd3 Qc6
30.Qd4 Rg8 31.Bg3 Rc8 32.Qd7 Qc5+ 33.Bf2 Qxc4 34.Qxa7 Qf4 35.Qxb6 Bxe5 36.Bg3 Qg5
37.Bxe5+ Qxe5 38.Rd8+ Kg7 39.Rd1 Rc2 40.a4 Qe2 41.Qd4+ f6 42.Qd7+ Kh6  0-1

[Event "65th ch-MNE 2013"]
[Site "Cetinje SRB"]
[Date "2013.07.28"]
[Round "9.7"]
[White "Pecurica,M"]
[Black "Kraljevic,I"]
[Result "1-0"]
[WhiteElo "2176"]
[BlackElo "2142"]

1.d4 Nf6 2.c4 g6 3.Nc3 d5 4.cxd5 Nxd5 5.e4 Nxc3 6.bxc3 Bg7 7.Nf3 c5 8.Rb1 Nc6
9.d5 Ne5 10.Nxe5 Bxe5 11.Qd2 O-O 12.f4 Bg7 13.e5 f6 14.e6 Qc7 15.c4 Rd8 16.Bd3 a6
17.a4 Rb8 18.a5 b5 19.axb6 Rxb6 20.Rxb6 Qxb6 21.Bb2 a5 22.Bc3 Rd6 23.Bxa5 Qb3
24.Ke2 Bxe6 25.dxe6 Rxe6+ 26.Kf2 f5 27.Rb1 Bd4+ 28.Kf1 Qa3 29.Be2 Rd6 30.Bf3 Bf6
31.Bd5+ Kg7 32.Bc7 Rd7 33.Be5 Bxe5 34.fxe5 e6 35.Rb7 Qa1+ 36.Qe1 Qa4 37.Rxd7+ Qxd7
38.Qc3 g5 39.Qb2 Kg6 40.Qb6 Kh5 41.Qxe6 Qa4 42.Bf3+  1-0

[Event "Politiken Cup 2013"]
[Site "Helsingor DEN"]
[Date "2013.07.28"]
[Round "2.37"]
[White "Matthiesen,M"]
[Black "Halamus,A"]
[Result "0-1"]
[WhiteElo "2275"]
[BlackElo "2046"]

1.d4 Nf6 2.c4 g6 3.Nc3 d5 4.cxd5 Nxd5 5.e4 Nxc3 6.bxc3 Bg7 7.Bg5 c5 8.Rc1 O-O
9.Nf3 Nc6 10.d5 Ne5 11.Nxe5 Bxe5 12.Qd2 Qc7 13.f4 Bg7 14.Bc4 a6 15.O-O b5
16.Be2 c4 17.Bh4 Bb7 18.Bf3 Rad8 19.Rfd1 Rd7 20.Qe3 e6 21.Bg4 f5 22.exf5 exf5
23.Bf3 Qd6 24.Rd2 Bh6 25.g3 Bg7 26.Re1 Rff7 27.Qe8+ Qf8 28.Re3 a5 29.Qe6 Rd6
30.Qe8 b4 31.cxb4 c3 32.Rde2 Bd4 33.Qb5 Ba6  0-1

[Event "Politiken Cup 2013"]
[Site "Helsingor DEN"]
[Date "2013.07.28"]
[Round "3.41"]
[White "Molvig,H"]
[Black "Merkesvik,Sondre"]
[Result "1/2-1/2"]
[WhiteElo "2167"]
[BlackElo "1980"]

1.d4 Nf6 2.c4 g6 3.Nc3 d5 4.cxd5 Nxd5 5.e4 Nxc3 6.bxc3 Bg7 7.Bc4 c5 8.Ne2 O-O
9.O-O Nc6 10.Be3 Qc7 11.Rc1 Rd8 12.Qd2 a6 13.Rfd1 b5 14.Bd3 Bb7 15.f4 e6
16.f5 exf5 17.exf5 cxd4 18.cxd4 Qe7 19.Bg5 Bf6 20.Bxf6 Qxf6 21.Rf1 Nxd4 22.fxg6 Nxe2+
23.Qxe2 Qb6+ 24.Kh1 hxg6 25.Qe7 Rf8 26.Rc7 Bxg2+ 27.Kxg2 Rae8 28.Qc5  1/2-1/2

[Event "31st Andorra Open"]
[Site "La Massana AND"]
[Date "2013.07.28"]
[Round "9.8"]
[White "Peralta,Fe"]
[Black "Barbot,Pi1"]
[Result "1-0"]
[WhiteElo "2622"]
[BlackElo "2355"]

1.d4 Nf6 2.c4 g6 3.Nc3 d5 4.cxd5 Nxd5 5.e4 Nxc3 6.bxc3 Bg7 7.Bc4 c5 8.Ne2 Nc6
9.Be3 O-O 10.O-O Qc7 11.Rc1 Rd8 12.Bf4 Be5 13.Bxe5 Nxe5 14.Bb3 Ng4 15.Ng3 Qf4
16.Qe1 b6 17.f3 Nf6 18.d5 e6 19.c4 exd5 20.cxd5 Ba6 21.Rf2 Nd7 22.Rd1 Ne5
23.Qc3 Rac8 24.Bc2 Rd7 25.Nf5 gxf5 26.g3 Qh6 27.Qxe5 Qg6 28.g4 fxe4 29.fxe4 Qd6
30.Qg5+ Qg6 31.Qe5 Qd6 32.Qf5 f6 33.Qxf6 Qxf6 34.Rxf6 Bc4 35.a3 Rf8 36.Rf5 b5
37.d6 Rfd8 38.e5 Be6 39.Rf6 Bxg4 40.Rd5 b4 41.axb4 cxb4 42.e6 Rg7 43.Kf2 Re8
44.e7 Bd7 45.Bf5 Bc6 46.Be6+  1-0

[Event "Politiken Cup 2013"]
[Site "Helsingor DEN"]
[Date "2013.07.29"]
[Round "4.37"]
[White "Gandrud,V"]
[Black "Halamus,A"]
[Result "1/2-1/2"]
[WhiteElo "2267"]
[BlackElo "2046"]

1.d4 Nf6 2.c4 g6 3.Nc3 d5 4.cxd5 Nxd5 5.e4 Nxc3 6.bxc3 Bg7 7.Nf3 c5 8.Rb1 O-O
9.Be2 Nc6 10.d5 Ne5 11.Nxe5 Bxe5 12.Qd2 e6 13.f4 Bc7 14.O-O exd5 15.exd5 Ba5
16.f5 Bxf5 17.Rxb7 c4 18.Ba3 Re8 19.Kh1 Qc8 20.Re7 Qa6 21.Qe3 Rxe7 22.Bxe7 Re8
23.Qc5 Bb6 24.Qb4 Qb7 25.d6 Be4 26.Bf3 Bxf3 27.gxf3 Qc6 28.Qb1 Bd8 29.Qe1 Bxe7
30.dxe7 Qc5 31.Qh4 Rxe7 32.Rd1 Re8 33.Rd8 Rxd8 34.Qxd8+ Kg7 35.Kg2 Qe3 36.Qa5 h5
37.a4 h4 38.Qb4 h3+ 39.Kg3 Qe2 40.Kxh3 Qxf3+ 41.Kh4 Qf2+ 42.Kh3 g5 43.Qb7 Qf1+
44.Kg4 Qf4+ 45.Kh3 Kg6 46.Kg2 Qd2+ 47.Kg1 Qe3+ 48.Kf1 f6 49.Qb4 Qd3+ 50.Kg1 Kh5
51.Qe7 f5 52.Qe5 Kg4 53.a5 Qb1+ 54.Kf2 Qc2+ 55.Kg1 Qc1+ 56.Kg2 Qd2+ 57.Kg1 f4
58.Qe6+ Kf3 59.Qc6+ Ke3 60.Qc5+ Kd3 61.Qd4+ Kc2 62.Qxc4 Qe3+ 63.Kg2 f3+ 64.Kg3 Qe2
65.Qa2+ Kxc3 66.Qa3+ Kd4 67.Qxf3 Qe5+ 68.Kg4 Qxa5 69.Qf2+ Kc4 70.Qc2+ Kd4
71.Qf2+ Kd3 72.Qf1+ Kc2 73.Qf2+ Kd1 74.Qg1+ Kc2 75.Qf2+ Kd1 76.Qg1+ Kc2  1/2-1/2

[Event "Politiken Cup 2013"]
[Site "Helsingor DEN"]
[Date "2013.07.29"]
[Round "4.104"]
[White "Henningsen,Lasse"]
[Black "Jarlnaes,Erik"]
[Result "1-0"]
[WhiteElo "1779"]
[BlackElo "1961"]

1.d4 Nf6 2.c4 g6 3.Nc3 d5 4.cxd5 Nxd5 5.e4 Nxc3 6.bxc3 Bg7 7.Bc4 O-O 8.Ne2 c5
9.O-O Qc7 10.Bd5 Nd7 11.f3 Nb6 12.Bb3 Rd8 13.Ba3 cxd4 14.cxd4 e6 15.Rc1 Qb8
16.Qc2 Bd7 17.Bb2 Bb5 18.Rfd1 Bh6 19.d5 Rc8 20.Nc3 exd5 21.exd5 Be3+ 22.Kh1 Bxc1
23.Rxc1 Bc4 24.Rd1 Bxb3 25.axb3 Qf4 26.Qd3 Rd8 27.d6 f6 28.Ne4 Nd7 29.Qd5+ Kg7
30.Ng5 Nf8 31.Qf7+ Kh6 32.Bxf6 Rxd6 33.Qg7+ Kh5 34.g4+ Kh4 35.Qh6+  1-0

[Event "Dutch Open 2013"]
[Site "Dieren NED"]
[Date "2013.07.30"]
[Round "7.7"]
[White "Goudriaan,E"]
[Black "Gerlagh,Joris"]
[Result "1-0"]
[WhiteElo "2369"]
[BlackElo "2010"]

1.d4 Nf6 2.c4 g6 3.Nc3 d5 4.cxd5 Nxd5 5.e4 Nxc3 6.bxc3 Bg7 7.Qa4+ Nd7 8.Nf3 c5
9.Be2 O-O 10.O-O cxd4 11.cxd4 Nc5 12.dxc5 Bd7 13.Qa3 Bxa1 14.e5 Bc6 15.Bf4 Bxf3
16.Bxf3 Qd4 17.g3 Qc3 18.Qxc3 Bxc3 19.Bxb7 Rad8 20.c6 Ba5 21.Be3 Bc7 22.Bxa7 Rd5
23.Be3 Rfd8 24.Bf4 Rd1 25.e6 Ba5 26.c7 Rxf1+ 27.Kxf1 Rd1+ 28.Kg2 Bxc7 29.Bxc7 fxe6
30.Ba6 Kf7 31.a4  1-0

[Event "Karpacz Open 2013"]
[Site "Karpacz POL"]
[Date "2013.07.30"]
[Round "9.3"]
[White "Siembab,B"]
[Black "Sieciechowicz,M"]
[Result "0-1"]
[WhiteElo "2258"]
[BlackElo "2462"]

1.d4 Nf6 2.c4 g6 3.Nc3 d5 4.cxd5 Nxd5 5.e4 Nxc3 6.bxc3 Bg7 7.Bc4 c5 8.Ne2 Nc6
9.Be3 O-O 10.O-O Qc7 11.Rc1 e6 12.Qd2 b6 13.Bh6 Rd8 14.Bxg7 Kxg7 15.Qe3 Bb7
16.Rfd1 Qe7 17.f4 Rac8 18.dxc5 Na5 19.Bd3 Qxc5 20.Qxc5 Rxc5 21.Kf2 e5 22.g3 Kf8
23.Bc2 Rxd1 24.Rxd1 Ke7 25.Bd3 f6 26.Rb1 Nc4 27.Rb4 Nd6 28.fxe5 fxe5 29.Ke3 Kd7
30.g4 Ra5 31.Nc1 Rc5 32.Ne2 Ke7 33.g5 Bc8 34.Kd2 Bg4 35.h4 Bxe2 36.Bxe2 Rc8
37.a4 Rf8 38.a5 bxa5 39.Ra4 Nb7 40.Bc4 Kd6 41.Bd5 Nc5 42.Rxa5 a6 43.Ra1 Rf4
44.Ke3 Rxh4 45.Rf1 Rh5 46.Rf6+ Ke7 47.Rc6 Nd7 48.Rxa6 Rxg5 49.Ra7 Kd6 50.Ra6+ Kc5
51.Rc6+ Kb5 52.c4+ Kb4 53.Rc7 Nc5 54.Rxh7 Rg3+ 55.Kf2 Rg4 56.Ke3 Kc3 57.Rc7 Kb4
58.Re7 Rg5 59.Re8 Rh5 60.Kf3 Nd3 61.Rg8 Rg5 62.Bf7 Nf4 63.Rb8+ Kc5 64.Rc8+ Kd6
65.c5+ Kd7 66.Ra8 Kc6 67.Ra5 Rg1 68.Be8+ Kc7 69.c6 Rf1+ 70.Kg3 Rg1+ 71.Kf2 Rc1
72.Ra7+ Kd8 73.Bd7 Nd3+ 74.Ke3 Nb4 75.Ra8+ Kc7 76.Re8 Rc5 77.Rc8+ Kd6 78.Rg8 Nxc6
79.Kd3  0-1

[Event "9th Tabor Open 2013"]
[Site "Tabor CZE"]
[Date "2013.07.30"]
[Round "4.14"]
[White "Svetly,J"]
[Black "Pribyl,Jo"]
[Result "0-1"]
[WhiteElo "1958"]
[BlackElo "2318"]

1.d4 Nf6 2.c4 g6 3.Nc3 d5 4.cxd5 Nxd5 5.e4 Nxc3 6.bxc3 Bg7 7.Nf3 O-O 8.Bc4 c5
9.O-O Nc6 10.Be3 Bg4 11.e5 Qa5 12.Qb3 Bxf3 13.gxf3 Qc7 14.Qb2 cxd4 15.cxd4 Nxe5
16.dxe5 Qxc4 17.Rac1 Qh4 18.Rc7 b6 19.Rfc1 Rfd8 20.Kg2 e6 21.h3 Qh5 22.f4 Qf5
23.Qb3 h6 24.Qb4 Bf8 25.Qa4 g5 26.R1c4 g4 27.h4 Qd3 28.Qc6 Bc5 29.Qe4 Bxe3
30.Qxe3 Qxe3 31.fxe3 Rd2+ 32.Kg3 h5 33.Re7 Rxa2 34.Rcc7 Rf8 35.f5 exf5 36.e6 Ra4
37.Rxf7 Rxf7 38.Rxf7 Re4 39.Rxa7 Rxe3+ 40.Kf4 Rxe6 41.Kxf5 Re2 42.Kg6 Kf8
43.Kxh5 g3 44.Kg4 g2 45.Ra1 b5 46.Kf3 Rc2 47.Kg3 b4 48.Kh2 b3  0-1